Представление документа в формате RUSMARC

ПолеНазваниеЗначение
  Тип записи a
  Библиографический уровень a
001 Контрольный номер UONB/MAIN/18469d2f7ff84881933e9e4b9ef3ae53
005 Дата корректировки 20260416102648.0
100 Данные общей обработки __
a Данные общей обработки 20260416 ||| 0rusy0189 ca
101 Язык документа 0_
a Язык текста rus
102 Страна публикации __
a Страна публикации RU
200 Заглавие и сведения об ответственности 1_
a Заглавие Ходжа и Гульджан
e Сведения, относящиеся к заглавию роман
f Первые сведения об ответственности М. Попов
203 Вид содержания и тип средства __
a Вид содержания Текст
b Характеристика содержания визуальный
c Тип средства непосредственный
225 Серия 1_
a Серия Поэзия и проза
300 Общие примечания __
a Общие примечания Окончание. Начало: №№ 11-12, 2025
327 Примечание о содержании 01
a Примечание о содержании Часть третья
461 Уровень набора _0
1 2000
a Москва
1 011
a 0131-2332
463 Уровень физической единицы _0
1 2000
a № 3
v С. 153-173
1 2101
d 2026
1 001UONB/MAIN/be4d8960933542609546a630b5db2276
517 Другие варианты заглавия 1_
a Другие варианты заглавия Часть третья
606 Тематические рубрики 0_
a Основная рубрика Художественная литература
606 Тематические рубрики 0_
a Основная рубрика Современная русская литература (произведения)
610 Ключевые слова 0_
a Ключевые слова романы
610 Ключевые слова 0_
a Ключевые слова историческая проза
610 Ключевые слова 0_
a Ключевые слова судьбы людей
610 Ключевые слова 0_
a Ключевые слова взаимоотношения в семье
610 Ключевые слова 0_
a Ключевые слова прошлое и настоящее
610 Ключевые слова 0_
a Ключевые слова взаимоотношения людей
686 Индексы других классификаций __
2 Код системы rubbk
700 Автор _1
a Фамилия Попов
b Имя (инициалы) М.
g Полное личное имя Михаил
4 Код отношения 070
801 Источник записи _0
a Страна RU
b Организация Ульяновская ОНБ
c Дата составления 20260416
g Правила каталогизации RCR
801 Источник записи _1
a Страна RU
b Организация Ульяновская ОНБ
c Дата составления 20260416
g Правила каталогизации RCR
901 Тип документа __
t Тип документа b
w Контрольный № источника UONB/MAIN/be4d8960933542609546a630b5db2276